000 00807cab a2200217 4500
001 L136378
008 070130n2007 000 0 eng u
035 _a(Sirsi) u136378
041 0 _aeng
100 1 _aHickman, Neil
245 0 0 _aAccelerated
_bor not
260 _c2007
490 0 0 _aLaw Society's Gazette
_v104(03) 18 January 2007, 31(1)
520 _aLooks at recovering possession for landlords under the Housing Act 1988 S21 and through an accelerated procedure under the Civil Procedure Rules Parts 55.11 to 55.19.
590 _aKA
650 2 4 _aHOUSING ACT 1988 S21
650 2 4 _aCIVIL PROCEDURE RULES PART 55
651 4 _aEngland and Wales
_y1543-
690 _aPROPERTY-RESIDENTIAL PROPERTY-RESIDENTIAL LANDLORD AND TENANT-RESIDENTIAL LEASES-BREACHING RESIDENTIAL LEASES
942 _n0
999 _c78261
_d78261